书目信息 |
| 题名: |
600种药用植物及饮片经典图鉴
|
|
| 作者: | 尤志勉 , 韩安榜 , 吴棣飞 编著 | |
| 分册: | ||
| 出版信息: | 长春 吉林科学技术出版社 2013.08 |
|
| 页数: | 320页 | |
| 开本: | 24cm | |
| 丛书名: | 经典图鉴系列 | |
| 单 册: | ||
| 中图分类: | Q949.95-64 , R283.3-64 | |
| 科图分类: | ||
| 主题词: | 药用植物--图谱 , 饮片--图谱 , 药用植物 , 饮片 | |
| 电子资源: | ||
| ISBN: | 978-7-5384-5914-2 | |
| 000 | 01164oam2 2200361 450 | |
| 001 | 0100101127595 | |
| 005 | 20140609084051.26 | |
| 010 | @a978-7-5384-5914-2@dCNY49.90 | |
| 100 | @a20130822d2013 em y0chiy0110 ea | |
| 101 | 0 | @achi |
| 102 | @aCN@b220000 | |
| 105 | @aa z 001yy | |
| 106 | @ar | |
| 200 | 1 | @a600种药用植物及饮片经典图鉴@9600 zhong yao yong zhi wu ji yin pian jing dian tu jian@e权威典藏版@f尤志勉,韩安榜,吴棣飞编著 |
| 210 | @a长春@c吉林科学技术出版社@d2013.08 | |
| 215 | @a320页@d24cm | |
| 225 | 2 | @a经典图鉴系列 |
| 225 | 2 | @a宠物园艺 |
| 330 | @a本书共分为:茎木类;叶类;花类;果实种子类;根茎类;皮类;全草类;其他类几部分,主要内容包括:常春油麻藤、沉香、绣球藤等。 | |
| 333 | @a药用植物相关研究人员 | |
| 461 | 0 | @12001 @a经典图鉴系列 |
| 461 | 0 | @12001 @a宠物园艺 |
| 606 | 0 | @a药用植物@j图谱 |
| 606 | 0 | @a饮片@j图谱 |
| 606 | 0 | @a药用植物 |
| 606 | 0 | @a饮片 |
| 690 | @aQ949.95-64@v5 | |
| 690 | @aR283.3-64@v5 | |
| 701 | 0 | @a尤志勉@9you zhi mian@4编著 |
| 701 | 0 | @a韩安榜@9han an bang@4编著 |
| 701 | 0 | @a吴棣飞@9wu di fei@4编著 |
| 801 | 0 | @aCN@b人天书店@c20130822 |
| 905 | @b547815-17@dQ949.95-64@e231@f3 | |
| 600种药用植物及饮片经典图鉴:权威典藏版/尤志勉,韩安榜,吴棣飞编著.-长春:吉林科学技术出版社,2013.08 |
| 320页;24cm.-(经典图鉴系列).-(宠物园艺) |
| 使用对象:药用植物相关研究人员 |
| ISBN 978-7-5384-5914-2:CNY49.90 |
| 本书共分为:茎木类;叶类;花类;果实种子类;根茎类;皮类;全草类;其他类几部分,主要内容包括:常春油麻藤、沉香、绣球藤等。 |
| ● |
| 相关链接 |
|
|
|
|
正题名:600种药用植物及饮片经典图鉴
索取号:Q949.95-64/231
 
预约/预借
| 序号 | 登录号 | 条形码 | 馆藏地/架位号 | 状态 | 备注 |
| 1 | 547815 | 205478151 | 第二样本阅览室/ [索取号:Q949.95-64/231] | 在馆 | |
| 2 | 547816 | 205478160 | 密集书库-生命科学系/ [索取号:Q949.95-64/231] | 在馆 | |
| 3 | 547817 | 205478179 | 第三借阅区/ [索取号:Q949.95-64/231] | 在馆 |